000 01000nam a22003137a 4500
003 CHAP
005 20220329134859.0
008 971013s1977 r 00010 d
010 _a27424
011 _a28396
035 _a32500
040 _cCHAP
090 _aFolleto 7505
110 _aINIA. México. Campo Agrícola Experimental Anáhuac
_958471
245 _aCultivos para Anáhuac Nuevo León
260 _aCd. Anáhuac, N.L. :
_bEl Instituto,
_c1977
300 _a26 p.
_b: ilus
490 _aCircular CIAGON
_v; 1
590 _aBATCH-UPD
_b10
_c20130110
_lUCH01
_h0130
590 _aBATCH-UPD
_b10
_c20130409
_lUCH01
_h2125
590 _aBATCH-UPD
_b10
_c20130914
_lUCH01
_h0940
590 _aCONVERSION
_b10
_c20130109
_lUCH01
_h1316
650 1 4 _aCultivos
_xNuevo León.
_930302
830 0 _aCircular CIAGON
_v; 1
_923364
901 _aBK
942 _cFOLL
949 _aFolleto 7505
_bBC
_cFOLL
_d-75606
_eTS1
_i32500
_mD
_si
949 _aFolleto 7505
_bBC
_cFOLL
_d-75607
_eTS2
_fc.2
_i32500
_mD
_si
999 _c27424
_d27424